Kraje co się kończą na literę Y - Statystyki

Ogólne statystyki
  • Ten quiz został rozwiązany 779 razy
    775 od ostatniego zresetowania
  • Średni wynik to 5 z 11
Statystyki odpowiedzi
Kontynent Kraj % Poprawnych
Europa Włochy
71%
Azja Chiny
67%
Europa Niemcy
67%
Europa Czechy
65%
Europa Węgry
61%
Ameryka Północna Bahamy
57%
Azja Malediwy
43%
Azja Filipiny
41%
Afryka Komory
36%
Ameryka Północna St Vincent i Grenadyny
17%
Afryka Sudan Południowy
15%
Nie znaleziono quizów pasujących do podanych kryteriów
Rozkład punktacji
Procent ludzi z każdym wynikiem
Percentyl według liczby udzielonych odpowiedzi
Twoja historia wyników
Nie rozwiązałeś tego quizu od ostatniego zresetowania